[Event "Cagliari Alfa Lum op-A 2nd"]
[Site "Cagliari"]
[Date "2010.09.05"]
[Round "5"]
[White "Pani, Giovanni"]
[Black "Murtas, Gianvito"]
[Result "0-1"]
[WhiteElo "1434"]
[BlackElo "1781"]
[PlyCount "48"]
[EventDate "2010.09.03"]
[EventType "swiss"]
[EventRounds "6"]
[EventCountry "ITA"]
[SourceTitle "EXT 2024"]
[Source "ChessBase"]
[SourceDate "2023.10.10"]
[SourceVersion "1"]
[SourceVersionDate "2023.10.10"]
[SourceQuality "1"]

1. e4 c5 2. Nf3 d6 3. d4 cxd4 4. Nxd4 Nf6 5. Nc3 a6 6. Bc4 e6 7. a4 Be7 8. 0-0 Qc7 9. Bd3 Bd7 10. Bd2 Nc6 11. Nce2 Ne5 12. Rc1 h5 13. Nf4 g5 14. Nh3 g4 15. Ng5 0-0-0 16. Qe2 Rdg8 17. Bxa6 bxa6 18. Qxa6+ Qb7 19. Qe2 h4 20. f4 gxf3 21. Ngxf3 Neg4 22. e5 dxe5 23. Nxe5 Nxe5 24. Qxe5 Qxg2# 0-1